000 00545nam a2200181Ia 4500
005 20250923144238.0
008 008 250917s9999 xx 000 0 eng d
037 _aTextual
040 _aDSWL
_beng
_cDSWL
041 _aeng
_2eng
084 _aT407385ch:N43, H5
_qDSWL
100 _aHarvard, Committee
_9822793
245 0 _aGeneral education in a free social
_cby Committee Harvard
260 _aU.S.A
_bHUP
_c1945
300 _a267 p.
942 _cTEXL
_hT407385ch:N43, H5
999 _c1436536
_d1436536